ბათუმის შოთა რუსთაველის სახელმწიფო უნივერსიტეტის ბიბლიოთეკა

ხმელეთი და ზღვა (ბიბ.ჩანაწერი № 34803)

000 -LEADER
fixed length control field 01247nam a2200253Ia 4500
001 - CONTROL NUMBER
control field 613
003 - CONTROL NUMBER IDENTIFIER
control field GE_BSU
008 - FIXED-LENGTH DATA ELEMENTS--GENERAL INFORMATION
fixed length control field 181216s||||||||xx |||||||||||||| ||und||
020 ## - INTERNATIONAL STANDARD BOOK NUMBER
International Standard Book Number 9789941416606
040 ## - CATALOGING SOURCE
Transcribing agency GE_BSU
080 ## - UNIVERSAL DECIMAL CLASSIFICATION NUMBER
Universal Decimal Classification number 14
100 ## - MAIN ENTRY--PERSONAL NAME
Personal name შმიტი,კარლ
245 ## - TITLE STATEMENT
Title ხმელეთი და ზღვა
245 ## - TITLE STATEMENT
Remainder of title მსოფლიო-ისტორიული განაზრება. სამეც.სერია ფილოსოფ–სოციოლ.კლასიკ. და თანამედროვე ტექსტები–თარგმანები. ტ.3
245 ## - TITLE STATEMENT
Statement of responsibility, etc. გერმ. თარგმნა გიორგი თავაძემ სერიის დამფუძნებელი და მთ. რედ. თენგიზ ირემაძე
260 ## - PUBLICATION, DISTRIBUTION, ETC.
Place of publication, distribution, etc. თბილისი
260 ## - PUBLICATION, DISTRIBUTION, ETC.
Name of publisher, distributor, etc. გრ. რობაქიძის სახ.უნ–ტი
260 ## - PUBLICATION, DISTRIBUTION, ETC.
Date of publication, distribution, etc. 2010
300 ## - PHYSICAL DESCRIPTION
Extent 178 გვ.
653 ## - INDEX TERM--UNCONTROLLED
Uncontrolled term ფილოსოფიური კონცეფციები; სოციოლოგია; გეოპოლიტიკა;
653 ## - INDEX TERM--UNCONTROLLED
Uncontrolled term ხმელეთი და ზღვა
942 ## - ADDED ENTRY ELEMENTS (KOHA)
Koha item type წიგნი
ეგზემპლარები
Withdrawn status Lost status Damaged status Not for loan Date acquired Barcode Date last seen Price effective from Koha item type
        2018-12-17 1613 2018-12-17 2018-12-17 წიგნი